header

Critical victimology (Record no. 93192)

MARC details
000 -LEADER
fixed length control field 01273nam a2200349Ia 4500
082 04 - DEWEY DECIMAL CLASSIFICATION NUMBER
Classification number 362.88
100 1# - MAIN ENTRY--AUTHOR NAME
Personal name Mawby, R. I.
245 10 - TITLE STATEMENT
Title Critical victimology
260 ## - PUBLICATION, DISTRIBUTION, ETC. (IMPRINT)
Place of publication London ;
-- Thousand Oaks, Calif. :
Name of publisher Sage,
Year of publication 1994.
300 ## - PHYSICAL DESCRIPTION
Number of Pages 224 p.
650 #0 - SUBJECT ADDED ENTRY--TOPICAL TERM
Topical Term Victims of crimes.
Topical Term Criminal behavior.
700 1# - ADDED ENTRY--PERSONAL NAME
Personal name Walklate, Sandra.
856 40 - ELECTRONIC LOCATION AND ACCESS
Uniform Resource Identifier http://site.ebrary.com/lib/rucke/Doc?id=10567072

No items available.

© 2026 Rongo University
Contact us: librarian | system librarian | Rongo university